00971nam a2200241 u 450000100100000000500170001000800410002704000250006808200210009324501090011426000380022330000340026150400580029565000290035365000420038265000400042465000420046465000360050665100590054265100510060170000280065271000490068000004750020250702113509.0090703s2004 dr di r 000 0 spa d aDO-SdBNPbspacBNPHU a330.97293bR426e00aRepública Dominicana :bestrategia nacional de desarrollo y competitividad /cprólogo Jeffrey Sachs. aSanto Domingo :bFUNGLODE,c2004. a290 p. :bil, diag. ;c28 cm. aIncluye bibliografía y notas a pie de las páginas 0a Competencia económica 4aZonas francaszRepública Dominicana 4aEducaciónzRepública Dominicana 4aMicroempresaszRepública Dominicana 4aTurismozRepública Dominicana 4aRepública DominicanaxCondiciones Económicasy1961 4aRepública DominicanaxPolítica Económica12aSachs, Jeffreyepról.22aFundación Global Democracía y Desarrollo